000
00255nam a2200109Ia 4500
008
190216s9999||||xx |||||||||||||| ||und||
100
_a
Gupta Rl & Radhaswami
245
0
_a
Advanced Accountancy
260
_b
S Chand & Co
300
_a
3222p
942
_c
BK
999
_c
4921
_d
4921